000 00555nam a2200229Ia 4500
003 OSt
005 20220924150841.0
006 a|||||r|||| 00| 0
007 ta
008 220923b |||||||| |||| 00| 0 tel d
024 _a334952
037 _cTextual
040 _aARTS
_cARTS
_btel
041 _2tel
_atel
082 _a035,3N141,1, K5
100 _aAllwar Au.
_9223077
245 0 _aGangu
260 _c1965
650 _aTELUGU FICTION
942 _h035,3N141,1, K5
_cTEXL
_2CC
999 _c464768
_d464768